Visualizzazione normale
Vista MARC
- Baglivo Donatella
di Personal Name
Records bibliografici associati: 3
001 - CONTROL NUMBER
- control field: 36684
003 - CONTROL NUMBER IDENTIFIER
- control field: IT-RoPau
005 - DATE AND TIME OF LATEST TRANSACTION
- control field: 20151125150556.0
008 - FIXED-LENGTH DATA ELEMENTS
- fixed length control field: 151125|| aca||aabn | a|a d
040 ## - CATALOGING SOURCE
- Original cataloging agency: IT-RoPau
- Transcribing agency: IT-RoPau
100 ## - HEADING--PERSONAL NAME
- Personal name: Baglivo Donatella
- Miscellaneous information: Codice regista SPICS: 26924
670 ## - SOURCE DATA FOUND
- Source citation: Work cat.: (IT-RoPau)104612: Baglivo Donatella Codice regista SPICS: 26924, UN POETA NEL CINEMA: ANDREJ TARKOVSKIJ UN POETA NEL CINEMA: ANDREJ TARKOVSKIJ (Rif. Codice opera principale : 76596)